C.C.I.R / (Record no. 183653)

000 -LEADER
fixed length control field 00686 a2200181 4500
003 - CONTROL NUMBER IDENTIFIER
control field Nust
005 - DATE AND TIME OF LATEST TRANSACTION
control field 20221223101612.0
040 ## - CATALOGING SOURCE
Transcribing agency Nust
082 ## - DEWEY DECIMAL CLASSIFICATION NUMBER
Classification number 621.385,CCI
100 ## - MAIN ENTRY--PERSONAL NAME
Personal name C.C.I
9 (RLIN) 105736
245 ## - TITLE STATEMENT
Title C.C.I.R /
Statement of responsibility, etc. C.C.I
260 ## - PUBLICATION, DISTRIBUTION, ETC.
Place of publication, distribution, etc. Union International Des Telecommunications
Name of publisher, distributor, etc. Geneve
Date of publication, distribution, etc. 1970
300 ## - PHYSICAL DESCRIPTION
Extent 202 p
Other physical details illus
Dimensions 24 cm
505 ## - FORMATTED CONTENTS NOTE
Formatted contents note Introduction (Page-65), Basic Ionospheric Data (Page-71), Basic Geometrical Considerations (Page-75), Ionosphereic Parameters (Page-78), Sky-Wave Path in the Ionosphere (Page-79), Transmission Loss Calculations (Page-89), Sky-Wave Field Strength (Page-100).
600 ## - SUBJECT ADDED ENTRY--PERSONAL NAME
Personal name C.C.I
9 (RLIN) 105736
650 ## - SUBJECT ADDED ENTRY--TOPICAL TERM
Topical term or geographic name entry element C.C.I.R
9 (RLIN) 105737
942 ## - ADDED ENTRY ELEMENTS (KOHA)
Source of classification or shelving scheme
Koha item type Book
Holdings
Withdrawn status Lost status Source of classification or shelving scheme Damaged status Not for loan Permanent Location Current Location Shelving location Date acquired Full call number Barcode Date last seen Price effective from Koha item type Public note
          Military College of Signals (MCS) Military College of Signals (MCS) General Stacks 12/12/2016 621.385,CCI MCS21433 12/08/2016 12/12/2016 Book Almirah No.39, Shelf No.3
          Military College of Signals (MCS) Military College of Signals (MCS) General Stacks 12/12/2016 621.385,CCI MCS21434 12/08/2016 12/12/2016 Book Almirah No.84, Shelf No.4
          Military College of Signals (MCS) Military College of Signals (MCS) General Stacks 12/12/2016 621.385,CCI MCS21959 12/08/2016 12/12/2016 Book Almirah No.84, Shelf No.4
© 2023 Central Library, National University of Sciences and Technology. All Rights Reserved.